01227 2200349 4500001002100000005001500021035002000036007000300056008004100059020002200100040002200122082001500144084001700159100004100176245016900217250002600386300002800412650002300440700003700463700004200500700004300542850001200585264007900597336002100676337003000697338002300727041001300750546005500763090001900818990002000837990002000857INLIS00000000088565620240417102341 a0010-0424000283ta240416s2023 jkia b 1 ind d a978-623-112-456-2 aYOPDYOGbinderda04223a028.55 a028.55 SUC k0 aSuciati Ardini PangastutiePengarang10aKeweleh = kena batunya /cSuciati Ardini Pangastuti; ilustrator, Angga Yuniar Santosa; penerjemah, Suciati Ardini Pangastuti; penyunting, Nur Ramadhoni Setyaningsih aCetakan Pertama, 2023 aii, 32 halaman ;c30 cm 4aBacaan kanak-kanak0 aAngga Yuniar SantosaeIlustrator0 aSuciati Ardini PangastutiePenerjemah0 aNur Ramadhoni SetyaningsihePenyunting aYOPDYOG31aJakarta :bKementerian Pendidikan, Kebudayaan, Riset, dan Teknologi,c2023 2rdacontentateks 2rdamediaatanpa perantara 2rdacarrieravolume ajavhind aTeks terdiri dari Bahasa Jawa dan Bahasa Indonesia aK 028.55 SUC k a71894-PD/A.2024 a71895-PD/A.2024